Úmrtnosť ako jeden z ukazovateľov zdravotného stavu obyvateľstva Slovenska

Úmrtnostné pomery populácie sú dôležitým východiskom hodnotenia jej zdravia. Z demografickej perspektívy možno zdravotný stav populácie kvantifikovať podľa vývoja strednej dĺžky života, špecifickej úmrtnosti a podľa najčastejších príčin smrti. Analýza úmrtnostných pomerov obyvateľstva Slovenska pros...

Descrizione completa

Salvato in:
Dettagli Bibliografici
Autore principale: Káčerová, Marcela
Altri autori: Nováková, Gabriela
Natura: Capitolo di libro
Lingua:slovacco
Soggetti:
Tags: Aggiungi Tag
Nessun Tag, puoi essere il primo ad aggiungerne!!

MARC

LEADER 00000naa a2200000 4500
001 0208269
005 20220728114653.9
041 0 |a slo 
044 |a SK 
245 1 0 |a Úmrtnosť ako jeden z ukazovateľov zdravotného stavu obyvateľstva Slovenska  |c Marcela Káčerová, Gabriela Nováková 
520 |a Úmrtnostné pomery populácie sú dôležitým východiskom hodnotenia jej zdravia. Z demografickej perspektívy možno zdravotný stav populácie kvantifikovať podľa vývoja strednej dĺžky života, špecifickej úmrtnosti a podľa najčastejších príčin smrti. Analýza úmrtnostných pomerov obyvateľstva Slovenska prostredníctvom základných (špecifické štandardizované miery úmrtnosti a príčiny smrti) a špecifických ukazovateľov úmrtnosti (stratené roky života úmrtím). 
610 2 0 |a tabuľky štatistické 
610 2 0 |a úmrtnosť 
610 2 0 |a zdravie 
610 2 0 |a Slovensko 
610 2 0 |a vývoj populačný 
100 1 |a Káčerová, Marcela 
700 1 |a Nováková, Gabriela